000 cam a22 a 4500
999 _c1484
_d1484
003 AKMAL
005 20170509160853.0
008 170509s1987 my e 000 may d
020 _a9679230171
040 _aAKMAL
082 0 4 _a305.8 MAU
090 0 0 _a305.8
_bMAU
100 1 _aMaududi, Sayyid Abul `Ala,
_cMaulana,
_d1903-1979
_91567
245 1 0 _aJatuh bangun sesuatu bangsa /
_cS. Abul A'la Maududi ; penterjemah, Nasir Ismail
260 _aAlor Setar :
_bPustaka Ikhwan,
_c1987
300 _a30ms. ;
_c21cm.
500 _aTerjemahan dari: Nations rise nations fall-why? Lahore: Islamic Publications, 19--
500 _aMengandungi ayat-ayat dari Quran
650 1 0 _aIslam and social problems
_91992
700 0 _aNasir Ismail
_92950
942 _2ddc
_cBOOK